000 00909nam a2200205 a 4500
001 000029642
005 20250924073803.0
008 110419s1984 dr 000 0 spa d
040 _aDO-SdBNP
_bspa
_cBNPHU
082 _axxx
110 1 _aPublicaciones de la Universidad Autónoma de Santo Domingo
_956454
245 1 0 _aMédicos sobresalientes de Moca/.
260 _aSanto Domingo :
_bUASD,
_c1984.
300 _a19 cm. ;
_c21 cm.
490 1 _aPublicaciones de la Universidad Autónoma de Santo Domingo.
_v343, No. 5
500 _aConferencia dictada por el Dr. Fernando Sánchez Martínez, rector de la Universidad autónoma de Santo Domingo, con motivo de las fiestas patronales de la provincia Espaillat, el 28 de septiembre de 1984.
504 _aIncluye referencias bibliográficas (p. 19)
830 _aPublicaciones de la Universidad Autónoma de Santo Domingo
_v343, No. 5
_952
049 _aBNPD
999 _c29134
_d29134